MLB Starting Lineups NL East - Statistics

General Stats
  • This quiz has been taken 21 times
  • The average score is 16 of 60
Answer Stats
Hint Answer % Correct
1B Matt Olson
82%
1B Bryce Harper
76%
RF Ronald Acuna Jr,
76%
Atlanta Braves
71%
Philadelphia Phillies
71%
3B Austin Riley
65%
DH Marcell Ozuna
65%
2B Ozzie Albies
65%
Miami Marlins
59%
New York Mets
59%
Washington Nationals
59%
SS Francisco Lindor
53%
DH Kyle Schwarber
53%
1B Pete Alonso
47%
SP Chris Sale
35%
2B Jeff McNeil
35%
3B Alec Bohm
29%
CF Jazz Chisholm Jr.
29%
DH J.D Martinez
29%
C J.T Realmuto
29%
CL Edwin Diaz
24%
CL Raisel Iglesias
24%
2B Whit Merrifield
24%
LF Brandon Marsh
18%
CF Brandon Nimmo
18%
SS C.J Abrams
18%
1B Josh Bell
18%
SP Mackenzie Gore
18%
RF Nick Castellanos
18%
SS Orlando Arcia
18%
SP Zack Wheeler
18%
3B Brett Baty
12%
DH Bryan De La Cruz
12%
C Chadwick Tromp
12%
C Christian Bethancourt
12%
LF D.J Stewart
12%
SS Edmundo Sosa
12%
CF Jacob Young
12%
3B Jake Burger
12%
LF Jared Kelenic
12%
LF Jesse Winker
12%
SP Jesus Luzardo
12%
RF Jesus Sanchez
12%
1B Joey Meneses
12%
CF Johan Rojas
12%
CL Jose Alvarado
12%
C Keibert Ruiz
12%
CL Kyle Finnegan
12%
RF Lane Thomas
12%
2B Luis Garcia Jr.
12%
SP Luis Severino
12%
CF Michael Harris ll
12%
LF Nick Gordon
12%
DH Nick Senzel
12%
C Omar Narvaez
12%
2B Otto Lopez
12%
RF Starling Marte
12%
CL Tanner Scott
12%
3B Trey Lipscomb
12%
SS Vidal Brujan
12%
No matching quizzes found
Score Distribution
Percent of People with Each Score
Percentile by Number Answered
Your Score History
You have not taken this quiz